000 00385nam a2200157Ia 4500
008 230711s9999||||xx |||||||||||||| ||und||
041 _aENG
082 _a621
_bWI-S
100 _aWidrow,Bernard
245 0 _aAdaptive signal processing
250 _a1st . Ed.
260 _c2002
_aNew Delhi
_bPearson
650 _aElectronics Engineering
700 _aStearns,Peter N.
942 _cBK
999 _c4127
_d4127